Statistiques concernant vocab esp

Cliquez ici pour prendre le quiz!

Statistiques générales

  • Ce quiz a été pris 13 fois
  • Le résultat moyen est 21 sur 64

Statistiques - réponses

HintRéponse% Correct
le corpsel cuerpo
89%
le respectel respeto
78%
le respectel respeto
78%
la biodiversitéla biodiversidad
78%
une colonieuna colonia
78%
expérimenterexperimentar
67%
expérimenterexperimentar
67%
explorerexplorar
67%
les médecinslos médicos
67%
dangereuxpeligroso
67%
l'étoilela estrella
56%
préserverpreservar
56%
l'astreel astro
44%
le débatel debate
44%
le savoirel saber
44%
indispensableindispensable
44%
la sciencela ciencia
44%
la démonstrationla demonstracion
44%
l'épidemiela epidemia
44%
l'expérimentationla experimentacion
44%
l'investigationla investigacion
44%
la manipulationla manipulacion
44%
les innovationslas innovaciones
44%
améliorermejorar
44%
modernisermodernizar
44%
mettre en dangerponer en peligro
44%
une innovation importanteuna innovacion importante
44%
destructeurdestructor
33%
détruiredestruir
33%
le bien communel bien comun
33%
la connaissanceel conocimiento
33%
la planèteel planeta
33%
le pogrèsel progreso
33%
le système solaireel sistema solar
33%
l'ethiquela ética
33%
le mensongela mentira
33%
les médicamentslos medicamentos
33%
réservéreservado
33%
l'écocitoyennetéla ecociudadania
22%
la fièvrela fiebre
22%
la mauvaise foila mala fe
22%
la société de consommationla sociedad de consumo
22%
la tolérancela tolerencia
22%
les avancéeslos avances
22%
les risqueslos riesgos
22%
la comèteel cometa
11%
la rigueurel rigor
11%
la conquête spacialela conquista espacial
11%
l'honnetetéla honestidad
11%
l'espritla mente
11%
la post-véritéla posverdad
11%
un austronauteun astronauta
11%
rejeter la responsabilité sur quelqu'unachacar la responsabilidad a alguien
0%
rendre la vie plus agréableamenizar la vida
0%
égalitaireigualitatio
0%
la cohabitation/ vie communela convivencia
0%
l'esperence de viela esperenza de vida
0%
la gestation pour autruila gestacion para otro
0%
le vaisseaula nave
0%
la procréation medicalement assistéela procreacion con asistencia medica
0%
les preuveslas prubas
0%
les chercheurslos investigadores
0%
les produits jetableslos productos de usar y tirar
0%
soignersanar
0%

Distribution des résultats

Percentile par nombre de réponses

% des personnes avec chaque résultat

Votre développement - résultats

Vous n’avez pas pris ce quiz